Statistics for Best Movie Directors Ever

Click here to take the quiz!

General Stats

  • This quiz has been taken 130 times
  • The average score is 13 of 15

Answer Stats

RankDirectorFilms Directed% Correct
#1Steven SpielbergJaws, ET: The Extra-Terrestrial, Schindler's List, Saving Private Ryan
100%
#2Quentin TarantinoReservoir Dogs, Pulp Fiction, Kill Bill: Vol. 1, Django Unchained
96%
#5Alfred HitchcockStrangers on a Train, Vertigo, Psycho, The Birds, Rear Window
94%
#3Stanley KubrickThe Shining, A Clockwork Orange, Full Metal Jacket, 2001: A Space Odyssey
92%
#7James CameronThe Terminator, Aliens, Terminator 2: Judgement Day, Titanic, Avatar
91%
#8Peter JacksonThe Lord of the Rings Trilogy, King Kong, The Hobbit Trilogy
90%
#4Martin ScorseseThe Wolf of Wall Street, Goodfellas, Shutter Island, The Departed
87%
#10Tim BurtonBatman, Edward Scissorhands, Planet of the Apes, Alice In Wonderland
87%
#14Clint EastwoodMillion Dollar Baby, Gran Torino, Jersey Boys, American Sniper
86%
#6Christopher NolanMemento, The Dark Knight, Inception, The Dark Knight Rises, Interstellar
85%
#9Francis Ford CoppolaThe Godfather, The Godfather: Part II, Apocolypse Now, The Outsiders
85%
#15George LucasHerbie, American Graffiti, Star Wars Episode IV: A New Hope
85%
#11Ridley ScottAlien, Blade Runner, Gladiator, Robin Hood, Prometheus, The Martian
80%
#12Joel and Ethan CoenRaising Arizona, Fargo, The Big Lebowski, No Country for Old Men
77%
#13Robert ZemeckisCast Away, The Polar Express, A Christmas Carol, Real Steel, Flight
53%

Score Distribution

Percentile by Number Answered

Percent of People with Each Score

Your Score History

You have not taken this quiz